[Event "Stuttgarter SF - SF Pfullingen"]
[Site "?"]
[Date "2023.09.17"]
[Round "1.5"]
[White "Goldinger, Peter"]
[Black "Fritsch, Rolf"]
[Result "1/2-1/2"]
[WhiteElo "2072"]
[BlackElo "2196"]
[PlyCount "72"]
[EventDate "2023.??.??"]

1. d4 g6 2. c4 Bg7 3. Nc3 d6 4. e4 c6 5. Be3 a6 6. a4 a5 7. Qd2 Na6 8. h4 h6 9. f3 Nf6 10. g4 Nb4 11. Na2 Nxa2 12. Rxa2 Nd7 13. Ne2 c5 14. Nc3 b6 15. d5 h5 16. g5 Ne5 17. Be2 O-O 18. Nd1 f5 19. f4 Ng4 20. Bxg4 fxg4 21. b3 e5 22. dxe6 Bb7 23. O-O Bxe4 24. Nf2 Bc6 25. Rd1 g3 26. Nh1 Re8 27. Qxd6 Bd4 28. Rxd4 cxd4 29. Qxc6 dxe3 30. e7 Qxe7 31. Qxg6+ Qg7 32. Qxh5 e2 33. Rxe2 Qd4+ 34. Kg2 Rxe2+ 35. Qxe2 Qxf4 36. Qe6+ Kh8 1/2-1/2

[Event "Stuttgarter SF - SF Pfullingen"]
[Site "?"]
[Date "2023.09.17"]
[Round "1.6"]
[White "Gabriel, Robert"]
[Black "Güss, Cornel-Andreas"]
[Result "1/2-1/2"]
[WhiteElo "2212"]
[BlackElo "1862"]
[PlyCount "93"]
[EventDate "2023.??.??"]
[SourceVersionDate "2023.09.17"]

1. Nf3 d5 2. d4 e6 3. c4 c5 4. cxd5 exd5 5. g3 Nc6 6. Bg2 Nf6 7. O-O Be7 8. dxc5 Bxc5 9. a3 Ne4 10. b4 Be7 11. Bb2 Bf6 12. Nd4 Qb6 13. e3 Nxd4 14. Bxd4 Bxd4 15. Qxd4 Qxd4 16. exd4 Be6 17. Re1 Rc8 18. Bxe4 dxe4 19. Nd2 f5 20. f3 Rc2 21. fxe4 Rxd2 22. exf5 O-O 23. Rxe6 Rxf5 24. Rf1 Rxf1+ 25. Kxf1 Rxd4 26. Re7 Rd1+ 27. Kg2 Ra1 28. Rxb7 Rxa3 29. b5 h5 30. Kh3 Ra2 31. Kh4 Rxh2+ 32. Kg5 Rg2 33. Rxa7 Rxg3+ 34. Kxh5 Rb3 35. Kg6 Rg3+ 36. Kf5 Rb3 37. Ra8+ Kh7 38. Rb8 Rb1 39. b6 Rb5+ 40. Ke6 g5 41. Kd6 g4 42. Kc6 Rb2 43. Rd8 Rc2+ 44. Kd6 Rd2+ 45. Kc7 Rxd8 46. Kxd8 g3 47. b7 1/2-1/2

[Event "Stuttgarter SF - SF Pfullingen"]
[Site "?"]
[Date "2023.09.17"]
[Round "1.7"]
[White "Nagelsdiek, Michael"]
[Black "Lorscheid, Gerhard"]
[Result "0-1"]
[WhiteElo "2046"]
[BlackElo "2106"]
[PlyCount "72"]
[EventDate "2023.??.??"]

1. c4 c6 2. g3 d5 3. Nf3 Nf6 4. Bg2 Bf5 5. b3 h6 6. O-O e6 7. Bb2 Be7 8. d3 O-O 9. Nbd2 Bh7 10. Qc2 Nbd7 11. e4 dxe4 12. dxe4 a5 13. h3 Qc7 14. Nd4 Rfd8 15. Kh2 Bc5 16. f4 e5 17. Ne2 exf4 18. gxf4 Re8 19. Rad1 Be3 20. Qc3 Bxd2 21. Qxd2 Bxe4 22. Bxe4 Rxe4 23. Ng3 Re6 24. Nf5 Rae8 25. Rf2 Nf8 26. Nd6 Rd8 27. c5 Ne4 28. Rg2 f6 29. Qc1 Nxd6 30. cxd6 Rexd6 31. Rdg1 R8d7 32. Qc4+ Kh8 33. Ba3 Rd4 34. Qe2 Qxf4+ 35. Kh1 Re4 36. Qh5 Re5 0-1

[Event "Stuttgarter SF - SF Pfullingen"]
[Site "?"]
[Date "2023.09.17"]
[Round "1.8"]
[White "Forster, Lukas"]
[Black "Einwiller, Dieter"]
[Result "1/2-1/2"]
[WhiteElo "2053"]
[BlackElo "2017"]
[PlyCount "92"]
[EventDate "2023.??.??"]

1. e4 e5 2. Nf3 Nf6 3. Nxe5 d6 4. Nf3 Nxe4 5. Nc3 Nxc3 6. dxc3 Be7 7. Be3 O-O 8. Qd2 c5 9. O-O-O Be6 10. Kb1 Nc6 11. c4 Qb6 12. Ng5 Bf5 13. Bd3 Bxd3 14. Qxd3 g6 15. f4 Bf6 16. c3 Rad8 17. h4 Ne7 18. h5 Rfe8 19. hxg6 hxg6 20. Bc1 d5 21. Rh7 Bg7 22. Rhh1 d4 23. cxd4 Rxd4 24. Qe2 Qf6 25. Rde1 Rd7 26. g4 Red8 27. Ne4 Qd4 28. Nc3 Kf8 29. Rd1 Qf6 30. Rxd7 Rxd7 31. Re1 Rd8 32. Qe4 Nc6 33. Nd5 Qd4 34. f5 Qxe4+ 35. Rxe4 Re8 36. Rxe8+ Kxe8 37. Bf4 Be5 38. Be3 gxf5 39. gxf5 Bd4 40. Bf4 Ne7 41. Nc7+ Kd7 42. Nb5 Nxf5 43. Nxa7 Be3 44. Bh2 Nd4 45. Nb5 f5 46. Nc3 Ne6 1/2-1/2

[Event "Heilbronner SV 2 - SC Böblingen"]
[Site "?"]
[Date "2023.09.17"]
[Round "1.1"]
[White "Gaehwiler, Gabriel"]
[Black "Schnepp, Gunnar"]
[Result "1/2-1/2"]
[WhiteElo "2375"]
[BlackElo "2289"]
[PlyCount "103"]
[EventDate "2023.??.??"]

1. e4 c5 2. Nf3 d6 3. d4 cxd4 4. Nxd4 Nf6 5. Nc3 a6 6. g3 e5 7. Nde2 Be7 8. Bg2 O-O 9. a4 b6 10. Nd5 Nxd5 11. Qxd5 Qc7 12. Be3 Nc6 13. O-O Be6 14. Qd2 Rfc8 15. b3 b5 16. axb5 axb5 17. Nc3 Qb7 18. Rfc1 h6 19. Bf1 Rxa1 20. Rxa1 Nd4 21. Bxd4 exd4 22. Nxb5 Qxe4 23. Bd3 Qg4 24. Re1 Bd5 25. Nxd4 Bg5 26. Qe2 Qxe2 27. Rxe2 Ra8 28. Re1 Bd2 29. Rd1 Bb4 30. Bf1 Bc5 31. Bg2 Bxg2 32. Kxg2 Ra2 33. Rd2 Bxd4 34. Rxd4 Rxc2 35. Rxd6 Rb2 36. Rb6 g5 37. Rb8+ Kg7 38. b4 g4 39. b5 Rb1 40. h3 h5 41. b6 Kh7 42. h4 Kg7 43. b7 Kh7 44. f4 gxf3+ 45. Kxf3 Kg7 46. Ke4 Rb4+ 47. Ke5 Rb5+ 48. Kd6 Rb1 49. Kc6 Rc1+ 50. Kd6 Rb1 51. Kc6 Rc1+ 52. Kd6 1/2-1/2

[Event "Heilbronner SV 2 - SC Böblingen"]
[Site "?"]
[Date "2023.09.17"]
[Round "1.2"]
[White "Ramirez Marin, Ivan"]
[Black "Hirneise, Jens"]
[Result "1-0"]
[WhiteElo "2231"]
[BlackElo "2277"]
[PlyCount "97"]
[EventDate "2023.??.??"]

1. d4 Nf6 2. c4 g6 3. Nc3 Bg7 4. e4 d6 5. h3 e5 6. dxe5 dxe5 7. Qxd8+ Kxd8 8. Nf3 Nc6 9. Be3 h6 10. O-O-O+ Bd7 11. c5 Kc8 12. Bc4 Be6 13. Bxe6+ fxe6 14. g4 Nd7 15. g5 hxg5 16. Nxg5 Nd8 17. Rd3 b6 18. b4 bxc5 19. Rhd1 Nb6 20. Bxc5 Bf6 21. Rg1 Nd7 22. Be3 Be7 23. Nb5 Nb6 24. Rc3 c6 25. Bc5 Bxc5 26. Rxc5 Kb7 27. Nd6+ Kc7 28. Rd1 Nd7 29. Nb5+ Kc8 30. Rc3 a6 31. Na3 Rb8 32. Rcd3 Nf6 33. Nc2 Rb7 34. Rd6 Rd7 35. a3 Rxd6 36. Rxd6 Re8 37. Ne3 Kc7 38. Nc4 Nd7 39. Rd3 Rf8 40. f3 Rh8 41. Rd6 Rh5 42. Nxe6+ Nxe6 43. Rxe6 Rxh3 44. Re7 Kd8 45. Rg7 Ke8 46. Kd2 Rxf3 47. Rxd7 Rf2+ 48. Ke3 Rc2 49. Nxe5 1-0

[Event "Heilbronner SV 2 - SC Böblingen"]
[Site "?"]
[Date "2023.09.17"]
[Round "1.3"]
[White "Ortmann, David"]
[Black "Mages, Steffen"]
[Result "1/2-1/2"]
[WhiteElo "2310"]
[BlackElo "2140"]
[PlyCount "119"]
[EventDate "2023.??.??"]

1. d4 d5 2. c4 e6 3. Nf3 Nf6 4. Nc3 c6 5. e3 Nbd7 6. Bd3 a6 7. b3 Bd6 8. O-O O-O 9. Bb2 e5 10. cxd5 cxd5 11. dxe5 Nxe5 12. Be2 Ng6 13. Rc1 b5 14. Qd4 Bb7 15. Rfd1 Rc8 16. a4 Bc5 17. Qd3 b4 18. Nb1 Ne4 19. Bd4 Bd6 20. Nbd2 Be7 21. Bb2 Bc5 22. Nd4 Ne5 23. Qb1 Re8 24. Nxe4 dxe4 25. Nf5 Qg5 26. Ng3 Ng4 27. Bxg4 Qxg4 28. Bd4 Bf8 29. Qb2 Rc6 30. h3 Qe6 31. Rxc6 Qxc6 32. Rc1 Qd5 33. Ne2 Rc8 34. Rxc8 Bxc8 35. Nf4 Qc6 36. Nh5 f6 37. Nf4 Kf7 38. Kf1 Be7 39. h4 g6 40. Ke1 g5 41. hxg5 fxg5 42. Ne2 Bg4 43. Kd2 h5 44. Bh8 Bxe2 45. Kxe2 Qe6 46. Qc2 h4 47. Bd4 g4 48. Qc7 Qxb3 49. Qf4+ Ke8 50. Qxe4 Qc4+ 51. Kd2 b3 52. Qg6+ Kd8 53. Qb6+ Kc8 54. Bc3 h3 55. gxh3 gxh3 56. Qh6 Qd5+ 57. Ke2 Qc4+ 58. Kd2 Qd5+ 59. Ke2 Qc4+ 60. Kd2 1/2-1/2

[Event "Heilbronner SV 2 - SC Böblingen"]
[Site "?"]
[Date "2023.09.17"]
[Round "1.4"]
[White "Tschlatscher, Thomas"]
[Black "Mueller, Ralf"]
[Result "0-1"]
[WhiteElo "2190"]
[BlackElo "2344"]
[PlyCount "146"]
[EventDate "2023.??.??"]

1. e4 e5 2. Nf3 Nc6 3. Bc4 Nf6 4. Ng5 d5 5. exd5 Na5 6. Bb5+ c6 7. dxc6 bxc6 8. Bd3 Nd5 9. Nf3 Bd6 10. Nc3 O-O 11. O-O f5 12. Be2 Qc7 13. Nxd5 cxd5 14. d4 e4 15. Ne5 f4 16. c4 Nxc4 17. Nxc4 dxc4 18. Qc2 Kh8 19. Qxe4 Bf5 20. Qd5 f3 21. Bxf3 Rad8 22. Qc6 Bxh2+ 23. Kh1 Rxd4 24. Qxc7 Bxc7 25. Kg1 Be5 26. a4 a5 27. Re1 Bf6 28. Ra3 Rdd8 29. Rae3 Bc2 30. Kf1 Bxa4 31. Ra3 Bb3 32. Rxa5 c3 33. bxc3 Bxc3 34. Ra3 Bc4+ 35. Be2 Bxe2+ 36. Kxe2 Bxe1 37. Kxe1 Ra8 38. Rxa8 Rxa8 39. Ke2 h5 40. Kf3 Rf8+ 41. Kg3 Kh7 42. Be3 Kg6 43. Kh4 Kf5 44. f3 Kg6 45. Bc5 Rf4+ 46. Kg3 Kf5 47. Bb6 Rb4 48. Bc7 Rc4 49. Bb8 Rc2 50. Kh3 g6 51. Bd6 Ke6 52. Bb8 Rf2 53. Kg3 Rf1 54. Bc7 Rc1 55. Bb8 Rc2 56. Kh3 Kd5 57. Ba7 Ra2 58. Bb6 Ra4 59. Bc7 Ke6 60. Bb8 Kf5 61. Bc7 Ra1 62. Kh2 Rb1 63. Bd6 Ke6 64. Bf8 Kd5 65. Bg7 Kc4 66. Kg3 Kd3 67. Kh4 Rb5 68. Bh6 Ke2 69. f4 Kf2 70. g4 Kf3 71. f5 hxg4 72. fxg6 g3 73. g7 Rb8 0-1

[Event "Heilbronner SV 2 - SC Böblingen"]
[Site "?"]
[Date "2023.09.17"]
[Round "1.5"]
[White "Tran, Thanh Kien"]
[Black "Ensslinger, Colin"]
[Result "1-0"]
[WhiteElo "2144"]
[BlackElo "2043"]
[PlyCount "75"]
[EventDate "2023.??.??"]

1. Nf3 Nf6 2. g3 e6 3. Bg2 d5 4. O-O Be7 5. b3 O-O 6. Bb2 c5 7. c4 Nc6 8. cxd5 exd5 9. d4 Bf5 10. Nc3 Ne4 11. dxc5 Nxc3 12. Bxc3 Bxc5 13. Nd4 Bxd4 14. Bxd4 Be4 15. Qd2 Bxg2 16. Kxg2 Qe7 17. e3 Nxd4 18. Qxd4 Qe4+ 19. Qxe4 dxe4 20. Rfd1 f5 21. Rd7 Rf7 22. Rad1 Re8 23. g4 fxg4 24. Rxf7 Kxf7 25. Rd7+ Re7 26. Rxe7+ Kxe7 27. Kg3 Ke6 28. Kf4 Kd5 29. Kf5 b5 30. Kf4 a5 31. Kxg4 Ke5 32. Kg5 b4 33. h3 g6 34. Kh6 Ke6 35. Kxh7 Kf7 36. Kh6 Kf6 37. h4 Kf5 38. Kg7 1-0

[Event "Heilbronner SV 2 - SC Böblingen"]
[Site "?"]
[Date "2023.09.17"]
[Round "1.6"]
[White "Geshnizjani, Ramin"]
[Black "Vujic, Branimir"]
[Result "0-1"]
[WhiteElo "2141"]
[BlackElo "2217"]
[PlyCount "102"]
[EventDate "2023.??.??"]

1. e4 d5 2. exd5 Nf6 3. Nf3 Nxd5 4. d4 g6 5. Bc4 Bg7 6. O-O O-O 7. Re1 Nc6 8. c3 Nb6 9. Bb3 h6 10. Bf4 Bf5 11. Nbd2 Na5 12. Bc2 Bxc2 13. Qxc2 Nac4 14. Ne4 Nd5 15. Bg3 Nd6 16. Nc5 b6 17. Nd3 e6 18. Rad1 Nf5 19. c4 Nde7 20. Be5 Nc6 21. d5 exd5 22. cxd5 Nxe5 23. Ndxe5 Re8 24. g4 Nh4 25. g5 Bxe5 26. Nxh4 Qxg5+ 27. Ng2 Bd6 28. Qd3 Rad8 29. Qf3 Re5 30. h4 Qf5 31. Qxf5 Rxf5 32. Re4 Bc5 33. Nf4 g5 34. hxg5 hxg5 35. b4 Bxf2+ 36. Kxf2 Rxf4+ 37. Rxf4 gxf4 38. Kf3 Kf8 39. Rc1 Rxd5 40. Rxc7 Rd3+ 41. Kxf4 Ra3 42. Kf5 Rxa2 43. Kf6 Rf2+ 44. Ke5 Re2+ 45. Kf6 Re6+ 46. Kf5 Re7 47. Rc8+ Kg7 48. Rc6 Rd7 49. Ke5 Rd1 50. Rc7 Ra1 51. Kf5 Ra4 0-1

[Event "Heilbronner SV 2 - SC Böblingen"]
[Site "?"]
[Date "2023.09.17"]
[Round "1.7"]
[White "Schroeter, Samuel"]
[Black "Schaefer, Daniel"]
[Result "1-0"]
[WhiteElo "2133"]
[BlackElo "1884"]
[PlyCount "83"]
[EventDate "2023.??.??"]

1. c4 e6 2. g3 d5 3. Bg2 Nf6 4. Nc3 d4 5. Ne4 Nxe4 6. Bxe4 c5 7. d3 Nc6 8. Bg2 e5 9. Nf3 Be7 10. O-O O-O 11. a3 Bf5 12. Bd2 a5 13. Ne1 Qd7 14. b3 Rfe8 15. Nc2 Bf8 16. b4 axb4 17. axb4 Rxa1 18. Qxa1 cxb4 19. Rb1 e4 20. Rb3 Bc5 21. Bxb4 exd3 22. exd3 Nxb4 23. Nxb4 Qe7 24. Nc2 Qe2 25. Rb2 Qxd3 26. Bf1 Qc3 27. Qa4 Rc8 28. Ra2 d3 29. Ne3 Bxe3 30. fxe3 Qe1 31. Qa5 Qxe3+ 32. Rf2 h6 33. Qxf5 Rc7 34. Qxd3 Qe7 35. Qf5 Qe3 36. Qd5 Re7 37. Qd8+ Re8 38. Qd7 Re7 39. Qd3 Qb6 40. Qd5 Re6 41. Bd3 Qe3 42. Qf3 1-0

[Event "Heilbronner SV 2 - SC Böblingen"]
[Site "?"]
[Date "2023.09.17"]
[Round "1.8"]
[White "Ludwig, Sebastian"]
[Black "Born, Mario"]
[Result "1/2-1/2"]
[WhiteElo "1940"]
[BlackElo "2163"]
[PlyCount "61"]
[EventDate "2023.??.??"]

1. e4 c6 2. d4 d5 3. exd5 cxd5 4. Bd3 Nf6 5. c3 Nc6 6. h3 g6 7. Qc2 Bg7 8. Nf3 Qc7 9. O-O O-O 10. Re1 Re8 11. Be3 b6 12. Nbd2 Bb7 13. Bg5 Rac8 14. Rac1 h6 15. Be3 a6 16. a3 Nd7 17. Rcd1 b5 18. Qb1 Na5 19. Ne5 Nxe5 20. dxe5 Bxe5 21. Bxg6 fxg6 22. Qxg6+ Bg7 23. Qe6+ Kh7 24. Bb6 Qc6 25. Bxa5 d4 26. Nf3 Qxe6 27. Rxe6 dxc3 28. Bxc3 Bxc3 29. bxc3 Bxf3 30. gxf3 Rxc3 31. Rxa6 1/2-1/2